| 000 | 00344nam a22001337a 4500 | ||
|---|---|---|---|
| 999 |
_c12615 _d12615 |
||
| 008 | 210209b ||||| |||| 00| 0 eng d | ||
| 082 | 0 | 0 |
_a823 _bR6431 |
| 100 |
_94757 _aRoberts, Kenneth |
||
| 245 | 1 | 0 |
_aCaptain caution / _cby Kenneth Roberts |
| 260 |
_aLondon : _bCollins, _c1949. |
||
| 300 | _a255 p. | ||
| 650 | 0 | _aEnglish fiction | |
| 942 | _cBK | ||